000 01719nam0a2200361 4500
001 RU\NLR\bibl\512630
005 20260407095059.0
010 _a5-94218-027-Х
_9500
021 _aRU
_b2004-13240
_9679
035 _a(NLR Aleph) 000505112
090 _a1197923
_c1197923
100 _a20040419d2003 |||y0rusy50 ca
101 0 _arus
102 _aRU
105 _aa |||||||||
200 1 _aАдаптивные стратегии развития систем трубопроводного транспорта
_eОпыт, пробл., перспективы
_f[И.Р. Ямуров, Н.И. Крюков, Ю.А. Фролов и др.
_gРос. акад. естеств. наук. Челяб. регион. отд-ние]
210 _aЧелябинск
_cИзд-во ЦНТИ
_d2003
215 _a277 с.
_cил.
_d21
320 _aБиблиогр.: с. 269-277 (114 назв.)
606 0 _aТрубопроводный транспорт
_92169901
_3RU\NLR\auth\661305358
686 _aО7
701 1 _aЯмуров
_bН. Р.
_gНаиль Рахимович
_4070
701 1 _aКрюков
_bН. И.
_gНиколай Иванович
_4070
701 1 _4070
_aФролов
_bЮ. А.
_cд-р техн. наук, нефт. транспорт
_f1952-
_gЮрий Афанасьевич
_9153213
_3RU\NLR\AUTH\770153251
712 0 2 _4570
_aРоссийская академия естественных наук
_bЧелябинское региональное отделение
_3RU\NLR\AUTH\8810052968
_9606368
801 0 _aRU
_bNLR
_c20040419
_gPSBO
801 1 _aRU
_bNLR
_c20040419
830 _aАвт. по кн.
942 _cBOOK
980 _aNB
980 _aNBR